LEADER 01244nam a2200289 a 4500 001 000000125081 003 CaOOAMICUS 005 20110418112317.0 008 110418s20102011it a u000 u ita r 040 $aPUL$bita 082 04$a658.8 100 1 $aCarlucci, Emiliano.$0(OLS)http://pul/name/79066 245 10$aSearch engine marketing /$cEmiliano Carlucci. 260 $aMilano :$bHoepli,$cİ2010$aMilano :$bIl Sole 24 ore,$cİ2011. 300 $aVIII, 166 p. :$bill. ;$c23 cm 490 1 $aFare business con i social network ;$v05 504 $aInclude riferimenti bibliografici ed indice. 650 4$aMass media$xAspetti sociali.$0(OLS)http://pul/subject/36496 830 0$aFare business con i social network ;$v05.$0(OLS)http://pul/title/157279 850 $aPUL 852 $aPUL$W1$xSL Cons. Gen., Altre Classi 3$y75$m658. 8 COLL 2.5$j143999$qDDC 21$B143056$CPULBib$Z2$F143056 $H116941 $82 941 1 $a9 996 $6082$a658.8$9(OLS)http://pul/classification/1888 996 $6245$aSearch engine marketing$9(OLS)http://pul/title/157687 996 $6260$aMilano :$bHoepli$9(OLS)http://pul/publisher/49407 996 $6260$aMilano :$bIl Sole 24 ore$9(OLS)http://pul/publisher/69212 LEADER 01659nam a2200373 a 4500 001 000000168842 003 CaOOAMICUS 005 20180718094134.0 008 180718s2017 it u000 u ita r 020 $a978-88-9391-165-8* 032 $aLibriCat 040 $aPUL$bita 082 04$a342.001 100 1 $aFerrajoli, Luigi.$0(OLS)http://pul/name/39424 245 10$aIuria paria :$bi fondamenti della democrazia costituzionale /$cLuigi Ferrajoli ; a cura di Dario Ippolito e Fabrizio Mastromartino. 250 $a2. ed. ampliata con appendice bibliografica. 260 $aNapoli :$bEditoriale Scientifica,$cİ2017. 300 $aXX, 261 p. ;$c21 cm. 490 1 $aLogon Didonai. Testi ;$v06 504 $aBibliografia in nota. 650 4$aCostituzionalismo.$0(OLS)http://pul/subject/45603 650 4$aFilosofia del diritto.$0(OLS)http://pul/subject/620 700 1 $aMastromartino, Fabrizio.$0(OLS)http://pul/name/108834 700 1 $aIppolito, Dario.$0(OLS)http://pul/name/108833 830 0$aLogon Didonai.$pTesti ;$v06.$0(OLS)http://pul/title/209372 850 $aPUL 852 $aPUL$W1$xSL Diritto e Scienze Sociali 3$y79$m342. 001 FERLU 1$j192247$qDDC 21$B196785$CPULBib$Z2$F196785 $H131205 $81 941 1 $a9 960 $aDiritto$xFilosofia$9620 996 $6020$a978-88-9391-165-8*$9(OLS)http://pul/number/164577 996 $6082$a342.001$9(OLS)http://pul/classification/3135 996 $6245$aIuria paria :$bi fondamenti della democrazia costituzionale$9(OLS)http://pul/title/209373 996 $6260$aNapoli :$bEditoriale Scientifica$9(OLS)http://pul/publisher/64720